Les constitutions modernes, Europe-Afrique-Asie-Océanie-Amerique / (Record no. 47147)

MARC details
000 -LEADER
campo de control de longitud fija 01175nam a2200217 i 4500
001 - NÚMERO DE CONTROL
campo de control 47147
003 - IDENTIFICADOR DE NÚMERO DE CONTROL
campo de control ES-MaACL
005 - FECHA Y HORA DE LA ÚLTIMA TRANSACCIÓN
campo de control 20230906161518.0
007 - CAMPO FIJO DE DESCRIPCIÓN FÍSICA--INFORMACIÓN GENERAL
campo de control de longitud fija t|
008 - DATOS DE LONGITUD FIJA--INFORMACIÓN GENERAL
campo de control de longitud fija 030404m19281934fr ||||1| fre d
245 04 - MENCIÓN DEL TÍTULO
Título Les constitutions modernes, Europe-Afrique-Asie-Océanie-Amerique /
Mención de responsabilidad, etc. traductions acompagnées de notices historiques et de notes explicatives par F. R. Dareste et P. Dareste ; quatrième edition entierement refondue par Joseph Delpech et Julien Laferrière ; preface de Ernest Chavegrin.
260 ## - PUBLICACIÓN, DISTRIBUCIÓN, ETC.
Lugar de publicación, distribución, etc. Paris :
Nombre del editor, distribuidor, etc. [s.n.,
Fecha de publicación, distribución, etc. 1928-1934] (
Lugar de fabricación/manufactura Bar-le-Duc :
Fabricante Imp. Contaut Laguerre)
300 ## - DESCRIPCIÓN FÍSICA
Extensión 7 v. ;
Dimensiones 25 cm.
505 8# - NOTA DE CONTENIDO CON FORMATO
Nota de contenido con formato Contiene: T.I: Albanie á Grece. -- T.II: Hongrie á Yougoslavie. -- T.III: Additions aux tom. I et II et appendice suivi d'un indez alphabétique des vol. I, II, III. -- T.IV: Amérique latine. -- T.V: Empire britanique-Afrique-Asie. Territoires sous mandat A. -- T.VI: Les Etats-Unis d'Amerique du Nord
700 1# - ENTRADA AGREGADA--NOMBRE PERSONAL
Nombre de persona Dareste, F. R.
9 (RLIN) 42704
700 1# - ENTRADA AGREGADA--NOMBRE PERSONAL
Nombre de persona Dareste, Pierre.
9 (RLIN) 42706
700 1# - ENTRADA AGREGADA--NOMBRE PERSONAL
Nombre de persona Delpech, Joseph.
9 (RLIN) 43581
700 1# - ENTRADA AGREGADA--NOMBRE PERSONAL
Nombre de persona Laferrière, Julien.
9 (RLIN) 69476
700 1# - ENTRADA AGREGADA--NOMBRE PERSONAL
Nombre de persona Chavegrin, Ernest.
9 (RLIN) 38255
852 ## - LOCALIZACIÓN
Ubicación ES-MaACL
Número de control de estantería C-7121-27
Holdings
Estatus retirado Estado de pérdida Estado de daño No para préstamo Biblioteca de origen Biblioteca actual Ubicación en estantería Fecha de adquisición Fuente de adquisición Total de préstamos Signatura topográfica completa Código de barras Visto por última vez Precio de reemplazo Tipo de ítem Koha
        Biblioteca del Ateneo de Madrid Biblioteca del Ateneo de Madrid Sala Palomar 17/01/2008     C-7121-27 1049591 23/02/2023 23/02/2023 Libro impreso